El CAFTA continúa su marcha (II)

Պահպանված է:
Մատենագիտական մանրամասներ
Ձևաչափ: Տեքստ
Ցուցիչներ: Ավելացրեք ցուցիչ
Չկան պիտակներ, Եղեք առաջինը, ով նշում է այս գրառումը!

MARC

LEADER 00000 a a2200000 04500
001 42547
003
040
245 |a El CAFTA continúa su marcha (II)  
773 |g volumen24, número1083 (2004), páginas 10-11  
999 |c 21663  |d 21663